Violencia laboral : igualdad de trato y discriminación. Volumen I /

Guardado en:
Otros Autores: García Vior, Andrea, (coord.)
Formato: Desconocido
Idioma:Spanish
Publicado: Buenos Aires : Errepar, 2012
Edición:1a. ed.
Series:Colección temas de derecho laboral ; 17
Materias:
Etiquetas: Agregar Etiqueta
Sin Etiquetas, Sea el primero en etiquetar este registro!
LEADER 00580nac a22001695a 4500
001 DER.der014123
008 190920s2012####ag#||||||||||||||#||spa||
005 20251111114105.0
245 1 0 |a Violencia laboral :  |n Volumen I /  |b igualdad de trato y discriminación.  |c coordinado por Andrea García Vior. 
250 |a 1a. ed. 
260 |a Buenos Aires :  |b Errepar,  |c 2012 
300 |a 349 p. 
490 0 |a Colección temas de derecho laboral ;  |v 17 
020 |a 9789870114420 
700 1 |a García Vior, Andrea,  |e coord. 
650 7 |a DERECHO LABORAL 
859 |a DERECHO  |b BIB. DERECHO  |h 344.01  |i VIO  |p 009360  |3 I